Statistics for European countries that Queen Elizabeth II did not visit

Click here to take the quiz!

General Stats

  • This quiz has been taken 88 times
  • The average score is 13 of 16

Answer Stats

Country% Correct
Romania
89%
Andorra
88%
Liechtenstein
88%
Bulgaria
87%
Albania
86%
Belarus
86%
North Macedonia
86%
San Marino
86%
Ukraine
86%
Montenegro
85%
Kosovo
82%
Moldova
81%
Bosnia and Herzegovina
76%
Croatia
76%
Monaco
74%
Greece
64%

Score Distribution

Percentile by Number Answered

Percent of People with Each Score

Your Score History

You have not taken this quiz